| Tag |
First Indicator |
Second Indicator |
Subfields |
| LEADER |
00000cam a22000008a 4500 |
| 001 |
in00001017721 |
| 005 |
20150928091950.0 |
| 008 |
900807s1991 nyu b 00010 eng |
| 010 |
|
|
|a 90012941
|
| 020 |
|
|
|a 047150078X
|
| 035 |
|
|
|a (OCoLC)22273072
|
| 035 |
|
|
|9 AFE6284AM
|
| 040 |
|
|
|a DLC
|c DLC
|d UtOrBLW
|
| 049 |
|
|
|a TXAM
|
| 050 |
0 |
0 |
|a G70.4
|b .S74 1991
|
| 082 |
0 |
0 |
|a 621.36/78
|2 20
|
| 100 |
1 |
|
|a Steinberg, Bernard D.
|
| 245 |
1 |
0 |
|a Microwave imaging techniques /
|c Bernard D. Steinberg, Harish M. Subbaram.
|
| 263 |
|
|
|a 9104
|
| 264 |
|
1 |
|a New York :
|b J. Wiley & Sons,
|c [1991]
|
| 264 |
|
4 |
|c ©1991
|
| 300 |
|
|
|a xv, 361 pages :
|b illustrations
|
| 336 |
|
|
|a text
|b txt
|2 rdacontent
|
| 337 |
|
|
|a unmediated
|b n
|2 rdamedia
|
| 338 |
|
|
|a volume
|b nc
|2 rdacarrier
|
| 490 |
1 |
|
|a Wiley series in remote sensing
|
| 500 |
|
|
|a "A Wiley-Interscience publication."
|
| 504 |
|
|
|a Includes bibliographical references and index.
|
| 650 |
|
0 |
|a Microwave remote sensing.
|
| 700 |
1 |
|
|a Subbaram, Harish M.
|
| 830 |
|
0 |
|a Wiley series in remote sensing.
|
| 999 |
|
|
|a MARS
|
| 999 |
f |
f |
|s a0279ccd-330c-3f99-bf40-c513c9a39c86
|i 54cfd22c-cd6c-393e-965f-649e63d4c2f8
|t 0
|
| 952 |
f |
f |
|p ric
|a Texas A&M University
|b Rellis Campus
|c Joint Library Facility
|d Remote Storage
|t 0
|e G70.4 .S74 1991
|h Library of Congress classification
|i unmediated -- volume
|m A14814966469
|
| 998 |
f |
f |
|a G70.4 .S74 1991
|t 0
|l Remote Storage
|